00292 2200121 4500245006700000250001100067100001600078650001600094005001900110260001800129041001400147336000900161 aLAPORAN KARYA SISWAb : PANGAN POKOK LOKALcKHOIRUNNISAhText aCet. 1 aKhoirunnisa aKarya Siswa a20240829111327 aJakartac2024 aIndonesia atext